000 00611nam a2200253Ia 4500
003 OSt
005 20221007104719.0
006 a|||||r|||| 00| 0
007 ta
008 221006b |||||||| |||| 00| 0 eng d
024 _a16,609
037 _cTextual
040 _aLCO
_cLCO
_beng
041 _2eng
_aeng
082 _aZ2,5, L4
100 _aKIrk Paul L
_9698232
245 0 _aCrime Investigation
250 _a2nd
260 _aNew
_bYork John Wileys & Sons USA
_c1974
300 _a508
650 _aCRIME
942 _hZ2,5, L4
_cTEXL
999 _c1186172
_d1186172